Measureup know what you know

Guardat en:
Dades bibliogràfiques
Format: Llibre
Publicat: [Indianapolis, IN] Que Pub. 2008
Col·lecció:Exam cram
Matèries:
Etiquetes: Afegir etiqueta
Sense etiquetes, Sigues el primer a etiquetar aquest registre!
LEADER 00845pam a2200217 4500
001 0000057174
008 100521s2008 inu eng
020 |a 0789737124 
020 |a 9780789737120 
090 0 0 |a CDR  |b 04318 
245 0 0 |a Measureup know what you know  |h electronic resource 
260 |a [Indianapolis, IN]  |b Que Pub.  |c 2008 
300 |a 1 electronic computer optical disc (CD-ROM)  |c 4 3/4 in. 
490 0 |a Exam cram 
500 |a Accompanies text entitled "CCNA" : QA76.3.V34 2008 os 
650 0 |a Electronic data processing personnel  |x Certification  |9 10598 
650 0 |a Computer networks  |x Examinations  |v Study guides  |9 12201 
998 0 0 |a aab/210510 
999 |c 56995  |d 56995 
997 |a FKEK 
952 |0 0  |1 0  |2 lcc  |4 0  |7 0  |9 81683  |a MEDIA  |b MEDIA  |c Media Collection  |d 2019-02-26  |g 0.00  |l 0  |o CDR 04318  |p 0000069602  |r 2011-01-06  |s 2011-01-06  |w 2019-02-26  |y CDR - MED